000
00280nam a22001217a 4500
003
SGT
082
_a
616.240
_b
I14H
100
_a
HYATT, ROBERT
245
_a
INTERPRETATION OF PULMONARY FUNCTION TEST
260
_a
PHILADELPHIA
_b
WOLTER
_c
2014
300
_a
223
942
_2
ddc
_c
BK
999
_c
14955
_d
14955